| 000 | 00374nab a2200133Ia 4500 | ||
|---|---|---|---|
| 003 | ES-SlBCS | ||
| 005 | 20210601125452.0 | ||
| 008 | 140529s1984-85 xxu||||| |||| 00| 0 eng d | ||
| 041 | _aeng | ||
| 100 | 1 |
_aCascardi, Anthony J. _951031 |
|
| 245 | 0 | 0 |
_aRemembering _c Anthony J. Cascardi |
| 773 | 0 |
_tReview of Methaphysics _gvol. 38, 1984-85, págs. 275-302 _wRev843 |
|
| 942 | _cAR | ||
| 999 |
_c530827 _d530827 |
||